|
|
|
|
| LEADER |
00000nab#a22000007a#4500 |
| 001 |
arbauad029217 |
| 003 |
AR-BaUAD |
| 005 |
20250711112351.0 |
| 008 |
971811|||||||||###||||||b###|0###a|spa|| |
| 040 |
|
|
|a AR-BaUAD
|c AR-BaUAD
|b spa
|
| 100 |
|
|
|a Fernandez Galiano, Luis
|
| 245 |
|
|
|a Tormenta de titanio /
|c Luis Fernandez Galiano;
|
| 300 |
0 |
|
|b fot.
|
| 653 |
|
|
|a CRITICA DE LA ARQUITECTURA
|
| 653 |
|
|
|a ESPAÑA
|
| 653 |
|
|
|a BILBAO
|
| 653 |
|
|
|a MUSEOS
|
| 653 |
|
|
|a GEHRY, FRANK
|
| 653 |
|
|
|a MUSEO GUGGENHEIM
|
| 653 |
|
|
|a MUSEOS DE ARTE
|
| 773 |
0 |
|
|t ARQUITECTURA VIVA
|g no. 55 [jul.-agosto 1997], p. 15
|
| 942 |
|
|
|c ARTI
|
| 952 |
|
|
|0 0
|1 0
|4 0
|7 0
|9 74136
|a AR-BAuAD
|b AR-BAuAD
|d 2025-07-11
|l 0
|p AAQA029217
|r 2025-07-11 11:23:51
|w 2025-07-11
|y ARTI
|
| 990 |
|
|
|a AQ199
|b TD
|
| 998 |
|
|
|a AAQ
|b BIBUN76
|
| 999 |
|
|
|c 53809
|d 53809
|